000 00277nam a22001337a 4500
008 181016b xxu||||| |||| 00| 0 eng d
020 _a0385292864
041 _aeng
080 _a320
100 _a21
101 _aSHP
245 _aHoly Terror
_cConway,F
942 _2udc
_cBK
999 _c49817
_d49817